Normal view
MARC view
- القواسمة، لينا علي
Entry Personal Name
001 - CONTROL NUMBER
- control field: 65048
003 - CONTROL NUMBER IDENTIFIER
- control field: JO-AjAnu
005 - DATE AND TIME OF LATEST TRANSACTION
- control field: 20240311140435.0
008 - FIXED-LENGTH DATA ELEMENTS
- fixed length control field: 240311|| aca||aabn | a|a d
040 ## - CATALOGING SOURCE
- Original cataloging agency: JO-AjAnu
100 ## - HEADING--PERSONAL NAME
- Linkage: القواسمة، لينا علي
- Personal name: القواسمة، لينا علي
- Relator term: اعداد